000 00457cam a2200193ua 4500
020 _c11.00
041 _aeng
_h
082 _a519.5
_bKAP/MA
100 _aKapur, J N .
245 _aMathematical statistics /
_cJ N Kapur.
_hTextual Documents
250 _a4 /
_b.
260 _aNew Delhi :
_bS.Chand and Co ,
_c1967.
300 _a489 ; .
365 _a11.00
504 _a
700 1 _aSaxena, H C .
942 _cBK
999 _c9988
_d9988